000 01038cad a22002655a 4500
001 E152125
008 110201s2010 xxk f 100 0 eng d
020 _a9781842196199
035 _a(Sirsi) u152125
041 0 _aeng
100 1 _aPestana, Ana Catarina
111 2 _aConstruction and Building Research Conference
_cDauphine Universite, Paris
_d2-3 September 2010
245 0 4 _aThe location factor in San Diego's single-family housing market
_h[electronic resource]
260 _aLondon
_bRICS
_c2010
520 _aA paper presented at the COBRA Conference in Paris on 2-3 September 2010.
590 _aKA
650 2 4 _aCONSTRUCTION AND BUILDING RESEARCH CONFERENCE (COBRA)
651 4 _aUnited States
_y1959-
690 _aPROPERTY-RESIDENTIAL PROPERTY-RESIDENTIAL PROPERTY MARKET
700 1 _aGuadalajara, Natividad
700 1 _aDe la Poza, Elena
700 1 _aBarbosa, Andre R.
856 4 0 _uhttps://www.rics.org/site/scripts/download_info.aspx?fileID=8127&categoryID=720
_zBroken link - not available
942 _n0
999 _c111878
_d111878